| 000 | 00667nam a2200217Ia 4500 | ||
|---|---|---|---|
| 003 | IIN | ||
| 005 | 20240118155109.0 | ||
| 008 | 231217s9999 xx 000 0 und d | ||
| 020 |
_cRs.1349.00 _a9789390612109 |
||
| 040 |
_aIIN _bEng |
||
| 082 |
_a612 _bNAN |
||
| 100 | 1 | _aNandedkar, Ashalata N. | |
| 245 | 1 |
_aJoshi's Basic & applied Anatomy & Physiology: _bfor Nursing & Health Care Students _cAshalata N. Nandedkar & Sadhana S. Mendhurwar |
|
| 250 | _a4th ed | ||
| 260 |
_bWolters Kluwer _aNew Delhi _c2022 |
||
| 300 | _axxiii, 562p. | ||
| 650 | 1 |
_aAnatomy _vNursing |
|
| 650 | 1 |
_aPhysiology _vNursing |
|
| 700 | 1 | _aMendhurwar, Sadhana S. | |
| 942 | _cBOOK | ||
| 999 |
_c1481 _d1481 |
||